| 000 | 00000nam 2200000za 4500 |
| 001 | 9.636960 |
| 003 | CaOODSP |
| 005 | 20210624220958 |
| 007 | cr ||||||||||| |
| 008 | 150407s2009||||xxc|||||o f|0| 0 fre d |
| 020 | |a978-1-100-92815-9 |
| 040 | |aCaOODSP|bfre |
| 043 | |an-cn--- |
| 086 | 1 |aA104-79/2009F-PDF |
| 110 | 2 |aAgence canadienne d'inspection des aliments. |bBureau de la biosécurité animale. |
| 245 | 10|aBiosécurité animal - Norme nationale de biosécurité pour les fermes avicoles |h[ressource électronique] |
| 260 | |aOttawa - Ontario : |bAgence canadienne d'inspection des aliments. |cc2009. |
| 300 | |a26p.|bglossaire, tableaux |
| 500 | |aL'ISBN (978-1-100-50329-5) imprimé dans cette publication est incorrect. |
| 520 | 3 |aLa Norme nationale de biosécurité pour les fermes avicoles constitue le fondement d’un programme exhaustif volontaire qui vise à fournir des directives aux propriétaires ou aux gestionnaires de tous les secteurs de l’aviculture au Canada. Le présent document a été élaboré en tant qu’outil pour guider les personnes et les entreprises qui manipulent et élèvent des oiseaux domestiques, principalement les producteurs de volailles soumis ou non à la gestion de l’offre. |
| 590 | |a10-10|b2010-03-12 |
| 691 | 07|aIndustrie agro-alimentaire|2gcpds |
| 691 | 07|aMaladie animale|2gcpds |
| 691 | 07|aVolaille|2gcpds |
| 691 | 07|aGestion des risques|2gcpds |
| 775 | 08|tAnimal biosecurity - National Avian On-Farm Biosecurity Standard |w(CaOODSP)9.692748 |
| 776 | 0#|tAnimal Biosecuty - National Avian On-Farm Biosecurity Standard |w(CaOODSP)9.671673 |
| 776 | 0#|tBiosécurité animale - Norme nationale de biosécurité pour les fermes avicoles |w(CaOODSP)9.671674 |
| 794 | |tBiosécurité |w(CaOODSP)9.859008 |
| 856 | 40|ahttp://publications.gc.ca|qPDF|s1212 Ko|uhttps://publications.gc.ca/collections/collection_2010/agr/A104-79-2009-fra.pdf |
| 986 | |aACIA P0677-09 |